Sous-préfectures et régions de France - 1 (Click) - Statistiques

Statistiques générales
  • Ce quiz a été pris 51 fois
  • Le résultat moyen est 65 sur 148
Statistiques - réponses
Hint Réponse % Correct
Aix-en-Provence Provence-Alpes-Côte d'Azur
67%
Dunkerque Hauts-de-France
63%
Douai Hauts-de-France
63%
Brest Bretagne
59%
Guingamp Bretagne
59%
Saint-Malo Bretagne
59%
Dinan Bretagne
59%
Verdun Grand Est
59%
Cambrai Hauts-de-France
59%
Bayeux Normandie
59%
Lisieux Normandie
59%
Narbonne Occitanie
59%
Lorient Bretagne
56%
Bar-sur-Aube Grand Est
56%
Reims Grand Est
56%
Sarreguemines Grand Est
56%
Thionville Grand Est
56%
Compiègne Hauts-de-France
56%
Argentan Normandie
56%
Cherbourg-en-Cotentin Normandie
56%
Bergerac Nouvelle-Aquitaine
56%
Jonzac Nouvelle-Aquitaine
56%
Sarlat-la-Canéda Nouvelle-Aquitaine
56%
Béziers Occitanie
56%
Saint-Gaudens Occitanie
56%
Beaune Bourgogne-Franche-Comté
52%
Vendôme Centre-Val de Loire
52%
Valenciennes Hauts-de-France
52%
Saint-Quentin Hauts-de-France
52%
Avranches Normandie
52%
Vire Normandie Normandie
52%
Arcachon Nouvelle-Aquitaine
52%
Libourne Nouvelle-Aquitaine
52%
Cognac Nouvelle-Aquitaine
52%
Dax Nouvelle-Aquitaine
52%
Muret Occitanie
52%
Briançon Provence-Alpes-Côte d'Azur
52%
Roanne Auvergne-Rhône-Alpes
48%
Dole Bourgogne-Franche-Comté
48%
Issoudun Centre-Val de Loire
48%
Romorantin-Lanthenay Centre-Val de Loire
48%
Châteaudun Centre-Val de Loire
48%
Corte Corse
48%
Sedan Grand Est
48%
Mortagne-au-Perche Normandie
48%
Rochefort Nouvelle-Aquitaine
48%
Saintes Nouvelle-Aquitaine
48%
Confolens Nouvelle-Aquitaine
48%
Millau Occitanie
48%
Villefranche-de-Rouergue Occitanie
48%
Saint-Nazaire Pays de la Loire
48%
Istres Provence-Alpes-Côte d'Azur
48%
Barcelonnette Provence-Alpes-Côte d'Azur
48%
Arles Provence-Alpes-Côte d'Azur
48%
Grasse Provence-Alpes-Côte d'Azur
48%
Vichy Auvergne-Rhône-Alpes
44%
Tournon-sur-Rhône Auvergne-Rhône-Alpes
44%
Vienne Auvergne-Rhône-Alpes
44%
Montbard Bourgogne-Franche-Comté
44%
Lannion Bretagne
44%
Fougères Bretagne
44%
Montargis Centre-Val de Loire
44%
Chinon Centre-Val de Loire
44%
Calvi Corse
44%
Vitry-le-François Grand Est
44%
Saint-Dizier Grand Est
44%
Toul Grand Est
44%
Forbach Grand Est
44%
Bernay Normandie
44%
Coutances Normandie
44%
Nontron Nouvelle-Aquitaine
44%
Lesparre-Médoc Nouvelle-Aquitaine
44%
Saint-Jean-d'Angély Nouvelle-Aquitaine
44%
Saint-Girons Occitanie
44%
Lodève Occitanie
44%
Limoux Occitanie
44%
Mayenne Pays de la Loire
44%
Château-Gontier-sur-Mayenne Pays de la Loire
44%
Castellane Provence-Alpes-Côte d'Azur
44%
Montbrison Auvergne-Rhône-Alpes
41%
Yssingeaux Auvergne-Rhône-Alpes
41%
Brioude Auvergne-Rhône-Alpes
41%
Largentière Auvergne-Rhône-Alpes
41%
Nantua Auvergne-Rhône-Alpes
41%
La Tour-du-Pin Auvergne-Rhône-Alpes
41%
Belley Auvergne-Rhône-Alpes
41%
Saint-Claude Bourgogne-Franche-Comté
41%
Clamecy Bourgogne-Franche-Comté
41%
Montbéliard Bourgogne-Franche-Comté
41%
Cosne-Cours-sur-Loire Bourgogne-Franche-Comté
41%
Châteaulin Bretagne
41%
Morlaix Bretagne
41%
Pontivy Bretagne
41%
Vierzon Centre-Val de Loire
41%
Saint-Amand-Montrond Centre-Val de Loire
41%
Épernay Grand Est
41%
Sarrebourg Grand Est
41%
Soissons Hauts-de-France
41%
Avesnes-sur-Helpe Hauts-de-France
41%
Blaye Nouvelle-Aquitaine
41%
Brive-la-Gaillarde Nouvelle-Aquitaine
41%
Villeneuve-sur-Lot Nouvelle-Aquitaine
41%
Alès Occitanie
41%
Saumur Pays de la Loire
41%
Forcalquier Provence-Alpes-Côte d'Azur
41%
Saint-Flour Auvergne-Rhône-Alpes
37%
Gex Auvergne-Rhône-Alpes
37%
Nyons Auvergne-Rhône-Alpes
37%
Pontarlier Bourgogne-Franche-Comté
37%
Le Blanc Centre-Val de Loire
37%
La Châtre Centre-Val de Loire
37%
Pithiviers Centre-Val de Loire
37%
Nogent-sur-Seine Grand Est
37%
Rethel Grand Est
37%
Senlis Hauts-de-France
37%
Les Andelys Normandie
37%
Le Vigan Occitanie
37%
Pamiers Occitanie
37%
Cholet Pays de la Loire
37%
Segré-en-Anjou Bleu Pays de la Loire
37%
Montluçon Auvergne-Rhône-Alpes
33%
Die Auvergne-Rhône-Alpes
33%
Château-Chinon (Ville) Bourgogne-Franche-Comté
33%
Redon Bretagne
33%
Loches Centre-Val de Loire
33%
Dreux Centre-Val de Loire
33%
Nogent-le-Rotrou Centre-Val de Loire
33%
Commercy Grand Est
33%
Val de Briey Grand Est
33%
Lunéville Grand Est
33%
Clermont Hauts-de-France
33%
Nérac Nouvelle-Aquitaine
33%
Langon Nouvelle-Aquitaine
33%
Gourdon Occitanie
33%
Figeac Occitanie
33%
Florac Trois Rivières Occitanie
33%
Langres Grand Est
30%
Vouziers Grand Est
30%
Aubusson Nouvelle-Aquitaine
30%
Châteaubriant Pays de la Loire
30%
Mauriac Auvergne-Rhône-Alpes
26%
Sartène Corse
26%
Château-Thierry Hauts-de-France
26%
Marmande Nouvelle-Aquitaine
26%
Ussel Nouvelle-Aquitaine
26%
Condom Occitanie
26%
Mirande Occitanie
19%
Vervins Hauts-de-France
15%
Aucun quiz correspondant
Distribution des résultats
% des personnes avec chaque résultat
Percentile par nombre de réponses
Votre historique - résultats
Vous n’avez pas pris ce quiz